000 00423nam a22001697a 4500
999 _c10808
_d10808
003 OSt
008 201120b ||||| |||| 00| 0 eng d
082 _a346.066
_bKAC
100 _aKAPOOR, G.K.
245 _aCompany law : A Comprehensive Text Book on Companies Act-2013
250 _a23rd
260 _aNew Delhi
_bTaxman
_c2021
300 _aMisc
650 _aB.Com
700 _aDHAMIJA, Sanjay
942 _2ddc
_cBK
_09